000
00335nam a2200145Ia 4500
003
OSt
005
20240320124501.0
008
170523s9999 xx 000 0 und d
020
_a
978-9389347487
040
_c
iimtu meerut
100
_a
Cherunilam
245
0
_a
INTERNATIONAL BUSINESS
260
_b
TATA MC GRAW HILL
942
_2
ddc
_c
02
999
_c
1702
_d
1702